00498nam a2200181Ia 4500008004100000020001800041050001400059100002600073245002500099245009300124260001500217260001600232260000900248300001400257300002700271300001000298500000800308170918s9999 xx 000 0 und d a9780545382175 bP375 2010 aPeete, Holly Robinson aMy brother Charlie / cby Holly Robinson Peete, Ryan Elizabeth and Denene Millner ; pictures by Shane W. Evans. aNew York : bScholastic, c2010 aunpaged : bcolored illustration ; c28cm. a540